01487nam a2200241Ia 450000100060000000300090000600800410001504000130005604000130006904100130008210000190009510000280011424500580014224500580020025000110025826000090026926000120027826000490029030000430033950008030038265000290118565000310121414249IT-RoPAU130308s9999 xx 000 0 und d aIT-RoPAU cIT-RoPAU aITALIANO aTonini Valerio gCodice Aut. SPICS: 682 aScienza dell'informazione, cibernetica, epistemologia bScienza dell'Informazione, Cibernetica, Epistemologia a1a ed. aROMA bBulzoni c1971 [1° Ed.:1971 - Ed.Ling.Originale:1971] a"390 p. (prefazione: no ; testo: 390)" aModelli di Conoscenza in Fisica teorie fisiche all'inizio dell'Era Atomicafondamenti fisici del Conoscere Informazione Naturale Teoria Elementare dell'informazione Definizione di Processo Scienza dei sistemi Sistemi e Analisi di Proprietà Stato Zero strategie della Ricerca Realtà e Relatività del Processo Informazionale Identificazione dei sistemi Sistema meccanico e Indeterminato Entropia e Differenziazione Processo Stocastico Scienza dei sistemi Evolutivi Operatore Informazionale Conoscenza della Natura Teoria della Scienza ed Esplicazione del Mondo Trasformazione Scientifica del Mondo Nuova cibernetica Cibernetica e Sinettica Logica e Semantica cibernetica della Mente Teoria Generale delle previsioni e Disegno dell'Avvenire Dalla Paleocibernetica Alla Sinettica Logica dei Valori aTEORIA DELLA CIBERNETICA eCodice materia Spics: 4102